Statistics for Shakespeare's "The Tempest" Quiz

Click here to take the quiz!

General Stats

  • This quiz has been taken 12 times
  • The average score is 10 of 14

Answer Stats

HintAnswer% Correct
The right Duke of Milan, also a magicianProspero
100%
The spirit of the islandAriel
92%
Only native on the island, also a monster-like creatureCaliban
92%
The above person's daughterMiranda
92%
The witch who trapped the spirit into a treeSycorax
75%
Son of the King of MilanFerdinand
67%
Where does the play take place?Island
67%
King of MilanAlonso
58%
The usurping Duke of MilanAntonio
58%
An honest old councillorGonzalo
58%
Brother of the King of MilanSebastian
58%
A jesterTrinculo
58%
For how many years was the spirit trapped?12
50%
A drunken butlerStephano
42%

Score Distribution

Percentile by Number Answered

Percent of People with Each Score

Your Score History

You have not taken this quiz